000 00514nam a2200193 a 4500
001 1769940912954
003 YourLibrary
005 20260201163840.0
008 260201s2002##################000#0#eng##
020 _a9780195121650
082 0 4 _a305.235
_bSTE
100 1 _aStevens, Joyce West,
_eauthor.
245 1 0 _aSmart and Sassy :
260 _bOxford University Press on Demand,
_c2002.
300 _a214 pages
650 0 _aSocial Science.
942 _cENGLISH
040 _aYourLibrary
_beng
_cYourLibrary
999 _c609794
_d609794